| 000 -LEADER |
| fixed length control field |
00700nam a22002057a 4500 |
| 005 - DATE AND TIME OF LATEST TRANSACTION |
| control field |
20240410115455.0 |
| 008 - FIXED-LENGTH DATA ELEMENTS--GENERAL INFORMATION |
| fixed length control field |
240410s2008 enk||||| |||| 00| 0 eng d |
| 020 ## - INTERNATIONAL STANDARD BOOK NUMBER |
| International Standard Book Number |
9780071479042x |
| 041 ## - LANGUAGE CODE |
| Language code of text/sound track or separate title |
eng |
| 080 ## - UNIVERSAL DECIMAL CLASSIFICATION NUMBER |
| Universal Decimal Classification number |
615.849 J-76 |
| 100 ## - MAIN ENTRY--PERSONAL NAME |
| Personal name |
John Ma, O. |
| 9 (RLIN) |
21749 |
| 245 ## - TITLE STATEMENT |
| Title |
Emergency Ultrasound / |
| Statement of responsibility, etc. |
O. John Ma, James Mateer, Michael Blaivas. |
| 264 ## - PRODUCTION, PUBLICATION, DISTRIBUTION, MANUFACTURE, AND COPYRIGHT NOTICE |
| Place of production, publication, distribution, manufacture |
New York : |
| Name of producer, publisher, distributor, manufacturer |
McGraw-Hill, |
| Date of production, publication, distribution, manufacture, or copyright notice |
2008. |
| 300 ## - PHYSICAL DESCRIPTION |
| Extent |
562 p.: |
| Other physical details |
ill.; |
| Dimensions |
29 cm. |
| 653 ## - INDEX TERM--UNCONTROLLED |
| keyword |
გადაუდებელი ულტრაბგერა |
| 653 ## - INDEX TERM--UNCONTROLLED |
| keyword |
მედიცინა |
| 700 ## - ADDED ENTRY--PERSONAL NAME |
| Personal name |
Mateer, James |
| Relator term |
ავტორი |
| 9 (RLIN) |
21750 |
| 700 ## - ADDED ENTRY--PERSONAL NAME |
| Personal name |
Blaivas, Michael |
| Relator term |
ავტორი |
| 9 (RLIN) |
21751 |
| 942 ## - ADDED ENTRY ELEMENTS (KOHA) |
| Source of classification or shelving scheme |
|
| Koha item type |
წიგნი |